000
00479nam a2200181Ia 4500
008
151018s9999 xx 000 0 und d
082
_b
RBASDV17425
_a
891.433
100
_a
राणू
245
_a
हरसिंगार
250
_b
1
260
_b
हिंद पॉकेट बुक्स
300
_a
187
600
_a
राणू
630
_a
हरसिंगार
700
_a
राणू
730
_a
हरसिंगार
942
_c
BOOK
999
_c
1018103
_d
1018100